[Event "Karjakin-Nakamura m"]
[Site "Playchess.com INT"]
[Date "2005.04.29"]
[Round "?"]
[White "Karjakin, Sergey"]
[Black "Nakamura, Hikaru"]
[Result "1-0"]
[WhiteElo "2635"]
[BlackElo "2657"]
[PlyCount "137"]
[EventDate "2005.04.29"]
[EventType "match (blitz)"]
[EventRounds "7"]
[EventCountry "GER"]
[SourceTitle "EXT 2008"]
[Source "ChessBase"]
[SourceDate "2007.11.25"]
[SourceVersion "1"]
[SourceVersionDate "2007.11.25"]
[SourceQuality "1"]

1. e4 c5 2. Nf3 d6 3. d4 cxd4 4. Nxd4 Nf6 5. Nc3 a6 6. Be3 e5 7. Nb3 Be6 8. f3
h5 9. Be2 Nbd7 10. O-O Rc8 11. a4 g6 12. Qd2 h4 13. Nc1 Nb6 14. a5 Nc4 15. Bxc4
Rxc4 16. Nd3 Be7 17. b3 Rc8 18. Nb4 Qc7 19. Ncd5 Bxd5 20. Nxd5 Nxd5 21. Qxd5
Qc6 22. c4 Qxd5 23. exd5 f5 24. Rfc1 Rh7 25. b4 g5 26. c5 g4 27. fxg4 f4 28.
Bf2 e4 29. Bd4 h3 30. c6 bxc6 31. Rxc6 Ra8 32. Re1 Rb8 33. Rb6 Rc8 34. Rc6 Rb8
35. Bb6 hxg2 36. Rxe4 f3 37. Rf4 Rf7 38. Rxf7 Kxf7 39. Rc3 Kg6 40. Rxf3 Rc8 41.
Kxg2 Rc4 42. h3 Rxb4 43. Re3 Kf7 44. Kg3 Rb5 45. Rd3 Rb1 46. h4 Bf6 47. g5 Be5+
48. Kg4 Kg6 49. h5+ Kf7 50. Rf3+ Ke7 51. h6 Rh1 52. Kf5 Kf7 53. Bd8 Rh5 54. Rb3
Rh1 55. Rb7+ Ke8 56. Bf6 Rf1+ 57. Ke6 Bxf6 58. gxf6 Re1+ 59. Kxd6 Rf1 60. h7
Rxf6+ 61. Kc5 Rh6 62. h8=Q+ Rxh8 63. Rb8+ Kd7 64. Rxh8 Kc7 65. Rh6 Kd7 66. Rxa6
Ke7 67. Rb6 Kd7 68. a6 Ke7 69. a7 1-0

[Event "Karjakin-Nakamura m"]
[Site "Playchess.com INT"]
[Date "2005.04.29"]
[Round "?"]
[White "Karjakin, Sergey"]
[Black "Nakamura, Hikaru"]
[Result "1-0"]
[WhiteElo "2635"]
[BlackElo "2657"]
[PlyCount "76"]
[EventDate "2005.04.29"]
[EventType "match (blitz)"]
[EventRounds "7"]
[EventCountry "GER"]
[SourceTitle "EXT 2008"]
[Source "ChessBase"]
[SourceDate "2007.11.25"]
[SourceVersion "1"]
[SourceVersionDate "2007.11.25"]
[SourceQuality "1"]

1. e4 c5 2. Nf3 d6 3. d4 cxd4 4. Nxd4 Nf6 5. Nc3 a6 6. Be3 e5 7. Nb3 Be6 8. f3
h5 9. Be2 g6 10. O-O Nbd7 11. a4 h4 12. Nc1 Rc8 13. Nd3 d5 14. exd5 Nxd5 15.
Nxd5 Bxd5 16. b3 Bh6 17. Bxh6 Rxh6 18. c4 Be6 19. a5 Bf5 20. Qd2 g5 21. Qe3
Bxd3 22. Bxd3 Qe7 23. Bf5 Qc5 24. Rfe1 Ke7 25. Rad1 Qxe3+ 26. Rxe3 Rc7 27. Bxd7
Rxd7 28. Rxe5+ Re6 29. Rxe6+ Kxe6 30. Rxd7 Kxd7 31. Kf2 Kc6 32. b4 Kd6 33. Ke3
Ke5 34. g3 hxg3 35. hxg3 Ke6 36. Kd4 Kd6 37. b5 f5 38. f4 g4 1-0

[Event "Champions Challenge 92nd"]
[Site "Playchess.com INT"]
[Date "2005.04.30"]
[Round "1.1"]
[White "Nakamura, Hikaru"]
[Black "Postny, Evgeny"]
[Result "1-0"]
[WhiteElo "2657"]
[BlackElo "2570"]
[PlyCount "73"]
[EventDate "2005.04.30"]
[EventType "k.o. (blitz)"]
[EventRounds "5"]
[EventCountry "GER"]
[SourceTitle "EXT 2007"]
[Source "ChessBase"]
[SourceDate "2006.11.23"]
[SourceVersion "1"]
[SourceVersionDate "2006.11.23"]
[SourceQuality "1"]

1. e4 c5 2. d4 cxd4 3. Nf3 d6 4. Qxd4 Nc6 5. Bb5 Bd7 6. Bxc6 bxc6 7. Nc3 e5 8.
Qd3 Nf6 9. Bg5 h6 10. Bh4 Be6 11. O-O Rb8 12. b3 Rb7 13. Rad1 Rd7 14. Na4 Be7
15. c4 O-O 16. Qe2 Nh5 17. Bxe7 Qxe7 18. Ne1 Nf4 19. Qe3 f5 20. Nd3 Nxd3 21.
Qxd3 fxe4 22. Qxe4 c5 23. Nc3 Rf4 24. Qe3 Qf8 25. f3 a6 26. Rd2 Rd4 27. Rfd1
Qf5 28. Ne2 Rxd2 29. Rxd2 Qb1+ 30. Kf2 Bf7 31. Nc3 Qc1 32. Ne4 d5 33. Nxc5 d4
34. Qe1 Qxe1+ 35. Kxe1 Rd6 36. Nd3 Re6 37. Re2 1-0

[Event "Champions Challenge 92nd"]
[Site "Playchess.com INT"]
[Date "2005.04.30"]
[Round "1.2"]
[White "Postny, Evgeny"]
[Black "Nakamura, Hikaru"]
[Result "0-1"]
[WhiteElo "2570"]
[BlackElo "2657"]
[PlyCount "62"]
[EventDate "2005.04.30"]
[EventType "k.o. (blitz)"]
[EventRounds "5"]
[EventCountry "GER"]
[SourceTitle "EXT 2007"]
[Source "ChessBase"]
[SourceDate "2006.11.23"]
[SourceVersion "1"]
[SourceVersionDate "2006.11.23"]
[SourceQuality "1"]

1. d4 Nf6 2. c4 g6 3. Nc3 Bg7 4. Nf3 O-O 5. e4 d6 6. Be2 e5 7. O-O Na6 8. Re1
Bg4 9. d5 Nc5 10. Nd2 Nd3 11. Bxg4 Nxg4 12. Rf1 f5 13. exf5 gxf5 14. h3 Nf6 15.
Nf3 Nxc1 16. Rxc1 Bh6 17. Rc2 Kh8 18. Ne1 Rg8 19. Ne2 Nh5 20. Nd4 Ng7 21. Ne2
f4 22. Qd3 Qh4 23. Kh2 Raf8 24. g3 Qe7 25. Nc3 Nf5 26. g4 Nd4 27. Rd2 f3 28.
Ne4 Bxd2 29. Qxd2 Rxg4 30. hxg4 Qh4+ 31. Kg1 Ne2+ 0-1

[Event "Champions Challenge 92nd"]
[Site "Playchess.com INT"]
[Date "2005.04.30"]
[Round "2.1"]
[White "Nakamura, Hikaru"]
[Black "Navrotescu, Catalin"]
[Result "0-1"]
[WhiteElo "2657"]
[BlackElo "2405"]
[PlyCount "49"]
[EventDate "2005.04.30"]
[EventType "k.o. (blitz)"]
[EventRounds "5"]
[EventCountry "GER"]
[SourceTitle "EXT 2007"]
[Source "ChessBase"]
[SourceDate "2006.11.23"]
[SourceVersion "1"]
[SourceVersionDate "2006.11.23"]
[SourceQuality "1"]

1. e4 d6 2. d4 g6 3. Nc3 Nf6 4. f4 Bg7 5. Nf3 O-O 6. e5 dxe5 7. fxe5 Nd5 8. h4
c5 9. h5 cxd4 10. Qxd4 Nxc3 11. Qxc3 Nc6 12. Bf4 Bg4 13. Bd3 Rc8 14. Qd2 Bxf3
15. gxf3 Nxe5 16. Bxe5 Bxe5 17. hxg6 fxg6 18. Qh6 Rf7 19. Rd1 Bxb2 20. Bc4 Qa5+
21. Kf1 e6 22. Rd7 Rxc4 23. Rxf7 Kxf7 24. Qxh7+ Bg7 25. Rh6 0-1

[Event "Champions Challenge 92nd"]
[Site "Playchess.com INT"]
[Date "2005.04.30"]
[Round "2.2"]
[White "Navrotescu, Catalin"]
[Black "Nakamura, Hikaru"]
[Result "0-1"]
[WhiteElo "2405"]
[BlackElo "2657"]
[PlyCount "98"]
[EventDate "2005.04.30"]
[EventType "k.o. (blitz)"]
[EventRounds "5"]
[EventCountry "GER"]
[SourceTitle "EXT 2007"]
[Source "ChessBase"]
[SourceDate "2006.11.23"]
[SourceVersion "1"]
[SourceVersionDate "2006.11.23"]
[SourceQuality "1"]

1. d4 Nf6 2. c4 g6 3. Nc3 Bg7 4. e4 d6 5. Nf3 O-O 6. h3 e5 7. d5 a5 8. Bg5 h6
9. Be3 Nfd7 10. g4 Na6 11. a3 Rb8 12. Rb1 Qe7 13. b4 Kh7 14. Bd3 c5 15. b5 Nc7
16. Qd2 Ne8 17. Ke2 b6 18. Rbg1 Ndf6 19. Kd1 Ng8 20. Kc2 Rb7 21. Rg2 Qd8 22.
Kb2 Ne7 23. h4 Ng8 24. Ne2 f5 25. gxf5 gxf5 26. Ng5+ hxg5 27. hxg5+ Kg6 28.
exf5+ Bxf5 29. Bxf5+ Rxf5 30. Ng3 Qc8 31. Qe2 Kf7 32. Qg4 Ne7 33. g6+ Kf8 34.
Ne4 Nf6 35. Rh8+ Neg8 36. Nxf6 Bxf6 37. g7+ Rxg7 38. Bh6 Rxf2+ 39. Rxf2 Qxg4
40. Rxf6+ Ke7 41. Re6+ Kd7 42. Bxg7 Qxg7 43. Rh2 Nf6 44. Rf2 Ng4 45. Rg2 e4+
46. Ka2 Qd4 47. Rxg4 Qd2+ 48. Kb1 Qd1+ 49. Kb2 Qxg4 0-1

[Event "Champions Challenge 92nd"]
[Site "Playchess.com INT"]
[Date "2005.04.30"]
[Round "2.3"]
[White "Nakamura, Hikaru"]
[Black "Navrotescu, Catalin"]
[Result "1-0"]
[WhiteElo "2657"]
[BlackElo "2405"]
[PlyCount "63"]
[EventDate "2005.04.30"]
[EventType "k.o. (blitz)"]
[EventRounds "5"]
[EventCountry "GER"]
[SourceTitle "EXT 2007"]
[Source "ChessBase"]
[SourceDate "2006.11.23"]
[SourceVersion "1"]
[SourceVersionDate "2006.11.23"]
[SourceQuality "1"]

1. e4 d6 2. d4 Nf6 3. Nc3 g6 4. h3 Bg7 5. g4 c5 6. dxc5 Qa5 7. Bg2 Qxc5 8. Nge2
O-O 9. O-O Nc6 10. Be3 Qa5 11. f4 Be6 12. g5 Nh5 13. Nd5 Bxd5 14. exd5 Nb8 15.
a3 Nd7 16. Rb1 Rfc8 17. Kh2 Qd8 18. b3 a5 19. a4 Nc5 20. c4 Qd7 21. Bf3 e6 22.
dxe6 fxe6 23. Bxh5 gxh5 24. Bxc5 Rxc5 25. Ng3 h4 26. Ne4 Rc6 27. Qh5 d5 28.
Nf6+ Bxf6 29. gxf6 Kh8 30. Rg1 dxc4 31. Rg2 Rf8 32. Rbg1 1-0

[Event "Champions Challenge 92nd"]
[Site "Playchess.com INT"]
[Date "2005.04.30"]
[Round "3.1"]
[White "Nakamura, Hikaru"]
[Black "Meier, Georg"]
[Result "1-0"]
[WhiteElo "2657"]
[BlackElo "2438"]
[PlyCount "127"]
[EventDate "2005.04.30"]
[EventType "k.o. (blitz)"]
[EventRounds "5"]
[EventCountry "GER"]
[SourceTitle "EXT 2007"]
[Source "ChessBase"]
[SourceDate "2006.11.23"]
[SourceVersion "1"]
[SourceVersionDate "2006.11.23"]
[SourceQuality "1"]

1. e4 e6 2. d4 d5 3. e5 c5 4. c3 Nc6 5. Nf3 Qb6 6. a3 c4 7. Nbd2 f6 8. exf6
Nxf6 9. g3 Bd6 10. Bg2 O-O 11. O-O Bd7 12. Re1 Rae8 13. Ne5 Bxe5 14. dxe5 Ng4
15. Nf3 Qxf2+ 16. Kh1 Qb6 17. Qe2 Nf2+ 18. Kg1 Nd3+ 19. Be3 Qc7 20. Rf1 Ncxe5
21. Nd4 Nc6 22. b4 Qe5 23. Qd2 a6 24. Ne2 Qd6 25. Nf4 Nce5 26. Bd4 Nxf4 27. Bc5
Qc7 28. gxf4 Nd3 29. Bxf8 Rxf8 30. f5 Qe5 31. fxe6 Rxf1+ 32. Bxf1 Bxe6 33. Bxd3
cxd3 34. Qxd3 Bf5 35. Qg3 Qe6 36. Re1 Be4 37. c4 h6 38. cxd5 Qxd5 39. h3 Kh7
40. Re2 Qd1+ 41. Qe1 Qd4+ 42. Qf2 Qa1+ 43. Re1 Bb1 44. Kh2 Qa2 45. Qxa2 Bxa2
46. Rd1 Be6 47. Rd6 Bf5 48. h4 g5 49. hxg5 hxg5 50. Rf6 Be4 51. Re6 Bf3 52. Kg3
g4 53. Kf4 Kg7 54. Kf5 Kf7 55. Re3 Kg7 56. Re7+ Kh6 57. Kf6 Bg2 58. Re2 Bh3 59.
Re3 Kh5 60. Kf5 Kh4 61. Kf4 Bf1 62. Re8 Kh3 63. Rh8+ Kg2 64. Kxg4 1-0

[Event "Champions Challenge 92nd"]
[Site "Playchess.com INT"]
[Date "2005.04.30"]
[Round "3.2"]
[White "Meier, Georg"]
[Black "Nakamura, Hikaru"]
[Result "0-1"]
[WhiteElo "2438"]
[BlackElo "2657"]
[PlyCount "80"]
[EventDate "2005.04.30"]
[EventType "k.o. (blitz)"]
[EventRounds "5"]
[EventCountry "GER"]
[SourceTitle "EXT 2007"]
[Source "ChessBase"]
[SourceDate "2006.11.23"]
[SourceVersion "1"]
[SourceVersionDate "2006.11.23"]
[SourceQuality "1"]

1. Nf3 Nf6 2. g3 g6 3. Bg2 Bg7 4. O-O O-O 5. d4 d5 6. Bf4 Bf5 7. Nbd2 Nbd7 8.
c3 c6 9. h3 h6 10. Qb3 Qb6 11. Rfd1 Rfd8 12. g4 g5 13. Bxg5 Bxg4 14. Bxf6 Bxf3
15. Bxe7 Bxe2 16. Bxd8 Bxd1 17. Bxb6 Bxb3 18. axb3 Nxb6 19. Bf1 Bf8 20. b4 a6
21. Nb3 Nc8 22. Nc5 Nd6 23. Bd3 Be7 24. Kg2 Bd8 25. Kf3 a5 26. bxa5 Rxa5 27.
Rxa5 Bxa5 28. Kg4 Bd8 29. h4 Kg7 30. h5 Bg5 31. f4 Be7 32. Be2 Bd8 33. Bf3 b6
34. Nd3 Nc4 35. Kg3 Bc7 36. Bg4 Bd6 37. Bd7 c5 38. Bc6 cxd4 39. cxd4 Ne3 40.
Bxd5 Nxd5 0-1

[Event "Champions Challenge 92nd"]
[Site "Playchess.com INT"]
[Date "2005.04.30"]
[Round "4.1"]
[White "Nakamura, Hikaru"]
[Black "Markus, Robert"]
[Result "0-1"]
[WhiteElo "2657"]
[BlackElo "2584"]
[PlyCount "62"]
[EventDate "2005.04.30"]
[EventType "k.o. (blitz)"]
[EventRounds "5"]
[EventCountry "GER"]
[SourceTitle "EXT 2007"]
[Source "ChessBase"]
[SourceDate "2006.11.23"]
[SourceVersion "1"]
[SourceVersionDate "2006.11.23"]
[SourceQuality "1"]

1. e4 c5 2. Qh5 Nf6 3. Qh4 Nc6 4. c3 d5 5. d3 e5 6. Bg5 Be7 7. Nf3 O-O 8. Nbd2
h6 9. Bxf6 Bxf6 10. Qg3 d4 11. Be2 Be6 12. O-O Rc8 13. Rfc1 Qd6 14. a3 b5 15.
Bd1 dxc3 16. Rxc3 b4 17. Nc4 Qe7 18. Rcc1 Rfd8 19. Ba4 Bxc4 20. Rxc4 Na5 21.
Rcc1 bxa3 22. Rxa3 c4 23. Bb5 cxd3 24. Rxc8 Rxc8 25. Bxd3 Rc1+ 26. Bf1 Qc5 27.
Nd2 Bg5 28. Rxa5 Qxa5 29. Nb3 Rxf1+ 30. Kxf1 Qb5+ 31. Kg1 Qe2 0-1

[Event "Champions Challenge 92nd"]
[Site "Playchess.com INT"]
[Date "2005.04.30"]
[Round "4.2"]
[White "Markus, Robert"]
[Black "Nakamura, Hikaru"]
[Result "0-1"]
[WhiteElo "2584"]
[BlackElo "2657"]
[PlyCount "102"]
[EventDate "2005.04.30"]
[EventType "k.o. (blitz)"]
[EventRounds "5"]
[EventCountry "GER"]
[SourceTitle "EXT 2007"]
[Source "ChessBase"]
[SourceDate "2006.11.23"]
[SourceVersion "1"]
[SourceVersionDate "2006.11.23"]
[SourceQuality "1"]

1. d4 Nf6 2. c4 g6 3. Nc3 Bg7 4. e4 d6 5. Nf3 O-O 6. Be2 e5 7. Be3 Na6 8. O-O
Ng4 9. Bg5 Qe8 10. h3 f6 11. Bc1 Nh6 12. Re1 c6 13. Bf1 Nf7 14. Rb1 Qe7 15. b4
Nc7 16. b5 c5 17. dxc5 dxc5 18. Nd5 Nxd5 19. cxd5 b6 20. a4 Nd6 21. Bb2 a5 22.
bxa6 Bxa6 23. Bxa6 Rxa6 24. Bc3 Qc7 25. Nd2 Rfa8 26. Qb3 Qa7 27. Rb2 Rb8 28.
Nc4 Nxc4 29. Qxc4 Rxa4 30. Qb5 Ra3 31. Re3 Qa4 32. Bd2 Qxb5 33. Rxb5 Rxe3 34.
Bxe3 Bf8 35. Kf1 Kf7 36. Ke2 Bd6 37. Kd3 Ke7 38. Kc4 Kd7 39. g4 Kc7 40. Rb1 Ra8
41. h4 Ra4+ 42. Kd3 Ra5 43. g5 f5 44. exf5 gxf5 45. h5 e4+ 46. Ke2 f4 47. g6
hxg6 48. hxg6 fxe3 49. Rh1 Be5 50. Kxe3 Kd6 51. Kxe4 Ra4+ 0-1

[Event "Champions Challenge 92nd"]
[Site "Playchess.com INT"]
[Date "2005.04.30"]
[Round "4.3"]
[White "Nakamura, Hikaru"]
[Black "Markus, Robert"]
[Result "1-0"]
[WhiteElo "2657"]
[BlackElo "2584"]
[PlyCount "137"]
[EventDate "2005.04.30"]
[EventType "k.o. (blitz)"]
[EventRounds "5"]
[EventCountry "GER"]
[SourceTitle "EXT 2007"]
[Source "ChessBase"]
[SourceDate "2006.11.23"]
[SourceVersion "1"]
[SourceVersionDate "2006.11.23"]
[SourceQuality "1"]

1. e4 c5 2. Nf3 e6 3. d4 cxd4 4. Nxd4 a6 5. Bd3 Nf6 6. O-O d6 7. Qe2 Be7 8. c4
b6 9. Nc3 Bb7 10. Be3 O-O 11. Rfd1 Nc6 12. f3 Nxd4 13. Bxd4 Qc7 14. Qf2 Nd7 15.
Bf1 Rfd8 16. Rac1 Rac8 17. b3 Ba8 18. Na4 Nc5 19. Nc3 Nd7 20. Be3 Qb8 21. b4
Bc6 22. a3 Bf6 23. Ne2 Ba8 24. Nd4 Ne5 25. Nb3 Nd7 26. Rc2 Bc6 27. Rb1 Be5 28.
g3 h6 29. Rcc1 Bf6 30. c5 dxc5 31. Bxa6 Bb7 32. Bxb7 Qxb7 33. bxc5 bxc5 34.
Nxc5 Qa8 35. Nxd7 Rxc1+ 36. Rxc1 Rxd7 37. Bc5 Rd3 38. Qe2 Rb3 39. Rc2 Rb1+ 40.
Kg2 Qa4 41. Bb4 Bd4 42. e5 g6 43. Qe4 Kg7 44. Be7 Qb5 45. Bf6+ Kh7 46. Kh3 Qf1+
47. Kh4 Qg1 48. h3 Bf2 49. Rxf2 Qxf2 50. Qa8 g5+ 51. Kh5 Rb8 52. Qe4+ Kg8 53.
Kxh6 Kf8 54. Qh7 Ke8 55. Qh8+ Kd7 56. Qxb8 Qxf3 57. Qd6+ Kc8 58. Kg7 Qxg3 59.
Qc6+ Kb8 60. a4 g4 61. h4 Qf3 62. Qb6+ Ka8 63. Qa5+ Kb7 64. Be7 g3 65. Qb5+ Kc7
66. Bd6+ Kc8 67. Qb8+ Kd7 68. Qc7+ Ke8 69. Qc8# 1-0

[Event "Champions Challenge 92nd"]
[Site "Playchess.com INT"]
[Date "2005.04.30"]
[Round "5.2"]
[White "Filippov, Anton"]
[Black "Nakamura, Hikaru"]
[Result "1-0"]
[WhiteElo "2466"]
[BlackElo "2657"]
[PlyCount "57"]
[EventDate "2005.04.30"]
[EventType "k.o. (blitz)"]
[EventRounds "5"]
[EventCountry "GER"]
[SourceTitle "EXT 2007"]
[Source "ChessBase"]
[SourceDate "2006.11.23"]
[SourceVersion "1"]
[SourceVersionDate "2006.11.23"]
[SourceQuality "1"]

1. e4 c5 2. Nf3 d6 3. d4 cxd4 4. Nxd4 Nf6 5. Nc3 a6 6. Be2 e5 7. Nb3 Be7 8. Bg5
Nbd7 9. O-O b5 10. a4 b4 11. Nd5 Nxd5 12. Qxd5 Nb6 13. Bxe7 Kxe7 14. Qd2 a5 15.
Qg5+ Kd7 16. Qxg7 Qf8 17. Qf6 Rg8 18. c3 bxc3 19. Bb5+ Kc7 20. Rac1 Be6 21.
Rxc3+ Kb8 22. Rfc1 Qg7 23. Qf3 Ra7 24. Rc6 Nc8 25. g3 Qg4 26. Qd3 f5 27. Ba6
Qxe4 28. Qb5+ Ka8 29. Nxa5 1-0

[Event "Champions Challenge 92nd"]
[Site "Playchess.com INT"]
[Date "2005.04.30"]
[Round "5.3"]
[White "Nakamura, Hikaru"]
[Black "Filippov, Anton"]
[Result "1-0"]
[WhiteElo "2657"]
[BlackElo "2466"]
[PlyCount "75"]
[EventDate "2005.04.30"]
[EventType "k.o. (blitz)"]
[EventRounds "5"]
[EventCountry "GER"]
[SourceTitle "EXT 2007"]
[Source "ChessBase"]
[SourceDate "2006.11.23"]
[SourceVersion "1"]
[SourceVersionDate "2006.11.23"]
[SourceQuality "1"]

1. e4 e5 2. Qh5 Nc6 3. Bc4 g6 4. Qf3 Nf6 5. Ne2 Bg7 6. d3 d5 7. exd5 Nb4 8. Bb3
Nbxd5 9. h3 O-O 10. Bg5 c6 11. Nbc3 h6 12. Nxd5 hxg5 13. Ndc3 a5 14. a4 Qe7 15.
Qe3 Nh5 16. g4 Nf4 17. Nxf4 gxf4 18. Qe2 Qh4 19. Ne4 Kh8 20. Nd2 e4 21. O-O-O
exd3 22. Qxd3 Qxf2 23. Ne4 Qe3+ 24. Kb1 Qxd3 25. Rxd3 Be5 26. Re1 f6 27. Nd2 g5
28. Nf3 Re8 29. Bf7 Re7 30. Rd8+ Kg7 31. Bb3 b5 32. Nd4 Rb7 33. axb5 Bxd4 34.
Rxd4 Rxb5 35. Re7+ Kh6 36. Rd6 Kg6 37. Bc4 Rb7 38. Bd3+ 1-0

[Event "Champions Challenge 92nd"]
[Site "Playchess.com INT"]
[Date "2005.04.30"]
[Round "5.4"]
[White "Filippov, Anton"]
[Black "Nakamura, Hikaru"]
[Result "1/2-1/2"]
[WhiteElo "2466"]
[BlackElo "2657"]
[PlyCount "131"]
[EventDate "2005.04.30"]
[EventType "k.o. (blitz)"]
[EventRounds "5"]
[EventCountry "GER"]
[SourceTitle "EXT 2007"]
[Source "ChessBase"]
[SourceDate "2006.11.23"]
[SourceVersion "1"]
[SourceVersionDate "2006.11.23"]
[SourceQuality "1"]

1. e4 c5 2. Nf3 d6 3. d4 cxd4 4. Nxd4 Nf6 5. Nc3 a6 6. Be2 e5 7. Nb3 Be7 8. Bg5
Nbd7 9. O-O Qc7 10. a4 b6 11. Qd3 Bb7 12. Rfd1 O-O 13. Rac1 Rac8 14. Bg4 Rcd8
15. Bxd7 Qxd7 16. Bxf6 Bxf6 17. Nd5 Bxd5 18. Qxd5 Qc7 19. c3 g6 20. a5 b5 21.
c4 bxc4 22. Rxc4 Qa7 23. Rc6 Be7 24. Qc4 Rb8 25. Rxa6 Qd7 26. Rb6 Rxb6 27. axb6
Rb8 28. Qc7 Qxc7 29. bxc7 Rc8 30. Rc1 Kf8 31. Na5 Ke8 32. b4 Bg5 33. Rb1 Rxc7
34. b5 Kd7 35. b6 Rc1+ 36. Rxc1 Bxc1 37. b7 Kc7 38. Nc4 Kxb7 39. Nxd6+ Kc6 40.
Nxf7 Kc5 41. f3 Kd4 42. Kf1 Bf4 43. g3 Bc1 44. Ke2 Ba3 45. Ng5 h6 46. Ne6+ Kc4
47. Nc7 Bd6 48. Ne8 Be7 49. Nc7 Bd6 50. Nd5 Kd4 51. Nf6 Be7 52. Ng8 Bf8 53. h4
Kc5 54. Nf6 Bg7 55. Nd5 Kd6 56. Kd3 h5 57. Kc4 Bh6 58. Kd3 Bc1 59. Ne3 Ke6 60.
Nc4 Bh6 61. Ke2 Bc1 62. Ne3 Ba3 63. Nd5 Bc1 64. Ne3 Ba3 65. Nc4 Bc1 66. Ne3
1/2-1/2

[Event "Champions Challenge 92nd"]
[Site "Playchess.com INT"]
[Date "2005.04.30"]
[Round "5.5"]
[White "Nakamura, Hikaru"]
[Black "Filippov, Anton"]
[Result "0-1"]
[WhiteElo "2657"]
[BlackElo "2466"]
[PlyCount "128"]
[EventDate "2005.04.30"]
[EventType "k.o. (blitz)"]
[EventRounds "5"]
[EventCountry "GER"]
[SourceTitle "EXT 2007"]
[Source "ChessBase"]
[SourceDate "2006.11.23"]
[SourceVersion "1"]
[SourceVersionDate "2006.11.23"]
[SourceQuality "1"]

1. e4 e5 2. Qh5 Nc6 3. Bc4 g6 4. Qf3 Nf6 5. Ne2 Bg7 6. d3 O-O 7. h3 d5 8. exd5
Nb4 9. Bb3 Nbxd5 10. Nbc3 c6 11. Bg5 Qa5 12. Bd2 Qb6 13. g4 Nxc3 14. Nxc3 Be6
15. Be3 Qa5 16. Bxe6 fxe6 17. Bd2 Nd5 18. Qe4 Qb6 19. O-O-O Rxf2 20. h4 Qd4 21.
Qe1 Raf8 22. Ne4 Rg2 23. h5 Qa4 24. a3 Nb4 25. Kb1 Qxc2+ 26. Ka1 Nxd3 27. Bc3
Nxe1 28. Rdxe1 Re2 29. Rxe2 Qxe2 30. Nd2 e4 31. Nb1 Qf3 32. Re1 e3 33. Bxg7
Kxg7 34. Nc3 Qf1 35. Rxf1 Rxf1+ 36. Ka2 Rf2 37. Ne4 e2 38. Nxf2 e1=Q 39. Nd3
Qe2 40. Nb4 Qc4+ 41. Kb1 Qxg4 42. hxg6 Qxg6+ 43. Kc1 h5 44. Nc2 h4 45. Ne3 h3
46. Kd2 h2 47. Nc4 h1=Q 48. Ne3 Qd5+ 49. Kc3 Qgd3+ 50. Kb4 a5+ 51. Ka4 Q5c4+
52. b4 Qcc2+ 53. Kxa5 Qxe3 54. a4 Qb6+ 55. Kxb6 Qxa4 56. Kc5 Qb5+ 57. Kd6 Qxb4+
58. Kxe6 c5 59. Kd6 c4+ 60. Kc7 c3 61. Kc8 c2 62. Kb8 c1=Q 63. Ka7 Qa5+ 64. Kb8
Qcc7# 0-1

[Event "Champions Challenge 94th"]
[Site "Playchess.com INT"]
[Date "2005.05.14"]
[Round "1.1"]
[White "Nakamura, Hikaru"]
[Black "Mortensen, Erling"]
[Result "1-0"]
[WhiteElo "2657"]
[BlackElo "2471"]
[PlyCount "71"]
[EventDate "2005.05.14"]
[EventType "k.o. (blitz)"]
[EventRounds "5"]
[EventCountry "GER"]
[SourceTitle "EXT 2008"]
[Source "ChessBase"]
[SourceDate "2007.11.25"]
[SourceVersion "1"]
[SourceVersionDate "2007.11.25"]
[SourceQuality "1"]

1. e4 c5 2. Nf3 e6 3. d4 cxd4 4. Nxd4 a6 5. Bd3 Bc5 6. Nb3 Ba7 7. O-O Nc6 8.
Qe2 Nge7 9. Be3 Bxe3 10. Qxe3 e5 11. f4 exf4 12. Qxf4 O-O 13. N1d2 Ng6 14. Qd6
Qe7 15. Nc4 b5 16. Qxe7 Ncxe7 17. Nd6 Rb8 18. Be2 Ne5 19. a4 bxa4 20. Rxa4 Rb6
21. Rd1 N7c6 22. h3 g6 23. Nxc8 Rxc8 24. Rxa6 Rxa6 25. Bxa6 Ra8 26. Bb5 Ra2 27.
Rb1 Nb4 28. Nd4 Kh8 29. c3 Nbd3 30. b4 Nf4 31. Bf1 d5 32. b5 dxe4 33. b6 Ra8
34. c4 Nfd3 35. Bxd3 Nxd3 36. b7 1-0

[Event "Champions Challenge 94th"]
[Site "Playchess.com INT"]
[Date "2005.05.14"]
[Round "1.2"]
[White "Mortensen, Erling"]
[Black "Nakamura, Hikaru"]
[Result "0-1"]
[WhiteElo "2471"]
[BlackElo "2657"]
[PlyCount "120"]
[EventDate "2005.05.14"]
[EventType "k.o. (blitz)"]
[EventRounds "5"]
[EventCountry "GER"]
[SourceTitle "EXT 2008"]
[Source "ChessBase"]
[SourceDate "2007.11.25"]
[SourceVersion "1"]
[SourceVersionDate "2007.11.25"]
[SourceQuality "1"]

1. e4 c5 2. Nf3 e6 3. d3 g6 4. g3 Bg7 5. Bg2 Ne7 6. O-O d5 7. Qe2 Nbc6 8. c3
O-O 9. e5 f6 10. exf6 Bxf6 11. Bh6 Re8 12. h4 Nf5 13. Bg5 e5 14. Nbd2 h6 15.
Bxf6 Qxf6 16. Rae1 Nd6 17. Nh2 Be6 18. Ng4 Bxg4 19. Qxg4 Qf7 20. c4 e4 21. dxe4
Ne5 22. Qe2 Nexc4 23. Nxc4 Nxc4 24. Qc2 d4 25. e5 Nxe5 26. Qxc5 Qf6 27. Re4
Rad8 28. Rfe1 d3 29. Rxe5 Rxe5 30. Qxe5 d2 31. Bd5+ Kg7 32. Qxf6+ Kxf6 33. Rd1
Rxd5 34. Kf1 Ra5 35. a3 Rd5 36. Ke2 Re5+ 37. Kxd2 g5 38. hxg5+ hxg5 39. Rh1 Re7
40. Re1 Rd7+ 41. Kc3 g4 42. Re4 Kg5 43. Rf4 Rc7+ 44. Kb3 Re7 45. f3 Re3+ 46.
Kc2 Rxf3 47. Rb4 b6 48. Rc4 Rxg3 49. Rc7 Rf3 50. Rxa7 Rf6 51. Rg7+ Kh4 52. Kc3
g3 53. a4 Kh3 54. b4 g2 55. a5 b5 56. Rh7+ Kg3 57. Rg7+ Kf3 58. Rxg2 Kxg2 59.
Kd4 Rf5 60. a6 Rf6 0-1

[Event "World op 33rd"]
[Site "Philadelphia"]
[Date "2005.07.04"]
[Round "9"]
[White "Miton, Kamil"]
[Black "Nakamura, Hikaru"]
[Result "1/2-1/2"]
[WhiteElo "2592"]
[BlackElo "2657"]
[PlyCount "192"]
[EventDate "2005.06.??"]
[EventType "swiss"]
[EventRounds "9"]
[EventCountry "USA"]
[SourceTitle "EXT 2006"]
[Source "ChessBase"]
[SourceDate "2005.11.24"]
[SourceVersion "1"]
[SourceVersionDate "2005.11.24"]
[SourceQuality "1"]

1. d4 Nf6 2. c4 Nc6 3. Nf3 e6 4. g3 d5 5. Bg2 dxc4 6. Qa4 Bb4+ 7. Bd2 Nd5 8.
Bxb4 Ndxb4 9. O-O Rb8 10. Na3 O-O 11. Qb5 b6 12. Qxc4 Ba6 13. Nb5 Qd5 14. Qxd5
exd5 15. Nc3 Rfe8 16. Rfd1 Ne7 17. Rac1 Rbd8 18. a3 Nbc6 19. e3 Nb8 20. b4 c6
21. a4 Bb7 22. Ne5 Nd7 23. Nxd7 Rxd7 24. a5 b5 25. f3 f5 26. Kf2 Red8 27. Ne2
Nc8 28. Nf4 Re7 29. Nd3 Nd6 30. Ne5 Nc4 31. f4 Rd6 32. h4 g6 33. Bf3 Bc8 34.
Rh1 h6 35. Rh2 Rg7 36. Rhh1 Kf8 37. Rh2 Rf6 38. Rhh1 Ke7 39. Rh2 Kd8 40. Rhh1
Kc7 41. Rh2 Be6 42. Ra1 Rff7 43. Rc1 Rf8 44. Rc2 Re8 45. Rc1 Rd8 46. Rhh1 Bd7
47. Rhd1 Bc8 48. Rd3 a6 49. Rdd1 Bb7 50. Rd3 Rd6 51. Ra1 Re6 52. Rdd1 Re8 53.
Rh1 Bc8 54. Rad1 Bb7 55. Ra1 Reg8 56. Rh2 Bc8 57. Rd1 Bd7 58. Ra1 Be8 59. Rah1
Bd7 60. Rd1 Bc8 61. Rdh1 Bb7 62. Rd1 Kb8 63. Rhh1 Re8 64. Rd3 Ka7 65. Rdd1 c5
66. dxc5 Nxe5 67. fxe5 Rxe5 68. Rd3 Kb8 69. Rhd1 Rd7 70. Rd4 Kc7 71. Rc1 Bc6
72. Rcd1 Kd8 73. Bg2 Ke7 74. Bf3 Kf6 75. Bg2 Rde7 76. R1d3 Ke6 77. Rd1 Rd7 78.
R1d2 Ke7 79. Rd1 Kd8 80. R1d2 Kc7 81. Rd1 Bb7 82. Bf3 Rd8 83. Bg2 Kc6 84. Bf3
Bc8 85. R4d3 Be6 86. Rd4 Bf7 87. R4d3 Rf8 88. Rd4 Be6 89. Bg2 g5 90. hxg5 hxg5
91. Rh1 Rf7 92. Rh6 Re7 93. Rg6 g4 94. Rh6 Kc7 95. Rd3 Kb8 96. Rh8+ Kc7 1/2-1/2